Statystyki dla Przekraczanie granic #3

Kliknij tutaj aby rozwiązać quiz!

Ogólne statystyki

  • Ten quiz został rozwiązany 40 razy
  • Średni wynik to 13 z 15

Statystyki odpowiedzi

KrajKierunek
Odpowiedź
% Poprawnych
Wielka BrytaniaZachódIrlandia
100%
NepalPołudnieIndie
97%
KanadaPołudnieStany Zjednoczone
97%
MeksykPółnocStany zjednoczone
97%
WatykanDowolnyWłochy
97%
UkrainaPółnocBiałoruś
93%
PolskaPółnocRosja
90%
Macedonia PółnocnaZachódAlbania
87%
JemenPółnocArabia Saudyjska
87%
ChinyWchódKorea Północna
87%
CzadPółnocLibia
83%
PeruPołudnieChile
80%
EtiopiaWschódSomalia
77%
LaosPołudnieTajlandia
60%
NIgeriaZachódTogo
43%

Rozkład punktacji

Percentyl według liczby udzielonych odpowiedzi

Procent ludzi z każdym wynikiem

Twoja historia wyników

Nie rozwiązałeś tego quizu